Lasers in restorative dentistry : (Record no. 23520)
[ view plain ]
| 000 -LEADER | |
|---|---|
| fixed length control field | 00952cam a22002895a 4500 |
| 001 - CONTROL NUMBER | |
| control field | 11605599 |
| 005 - DATE AND TIME OF LATEST TRANSACTION | |
| control field | 20161208115428.0 |
| 008 - FIXED-LENGTH DATA ELEMENTS--GENERAL INFORMATION | |
| fixed length control field | 150825t2015 gw a frb 001 0 eng d |
| 020 ## - INTERNATIONAL STANDARD BOOK NUMBER | |
| International Standard Book Number | 9783662473160 |
| 040 ## - CATALOGING SOURCE | |
| Modifying agency | WaSeSS |
| -- | EG-ScBUE |
| Language of cataloging | eng |
| 082 04 - DEWEY DECIMAL CLASSIFICATION NUMBER | |
| Edition number | 22 |
| Classification number | 617.605 |
| Item number | LAS |
| 245 00 - TITLE STATEMENT | |
| Title | Lasers in restorative dentistry : |
| Remainder of title | a practical guide / |
| Statement of responsibility, etc | editors Giovanni Olivi, Matteo Olivi. |
| Medium | |
| 260 ## - PUBLICATION, DISTRIBUTION, ETC. (IMPRINT) | |
| Place of publication, distribution, etc | Heidelberg : |
| Name of publisher, distributor, etc | Springer, |
| Date of publication, distribution, etc | c.2015. |
| 300 ## - PHYSICAL DESCRIPTION | |
| Extent | xv, 274 p. : |
| Other physical details | ill. ; |
| Dimensions | 24 cm. |
| 500 ## - GENERAL NOTE | |
| General note | Index : p. 273-274. |
| 504 ## - BIBLIOGRAPHY, ETC. NOTE | |
| Bibliography, etc | Includes bibliographical references. |
| 650 #7 - SUBJECT ADDED ENTRY--TOPICAL TERM | |
| Topical term or geographic name as entry element | Dentistry, Operative. |
| Source of heading or term | BUEsh |
| 9 (RLIN) | 30617 |
| 650 #7 - SUBJECT ADDED ENTRY--TOPICAL TERM | |
| Topical term or geographic name as entry element | Lasers in dentistry. |
| 9 (RLIN) | 39935 |
| Source of heading or term | BUEsh |
| 651 ## - SUBJECT ADDED ENTRY--GEOGRAPHIC NAME | |
| Source of heading or term | BUEsh |
| 653 ## - INDEX TERM--UNCONTROLLED | |
| Resource For college | |
| Arrived date list | December2016 |
| 700 1# - ADDED ENTRY--PERSONAL NAME | |
| Personal name | Olivi, Giovanni. |
| Relator term | editor. |
| 700 1# - ADDED ENTRY--PERSONAL NAME | |
| Personal name | Olivi, Matteo. |
| Relator term | editor. |
| 773 0# - HOST ITEM ENTRY | |
| Title | Springer eBooks |
| 773 #0 - HOST ITEM ENTRY | |
| Title | SpringerLINK ebooks - Medicine (2015) |
| 776 08 - ADDITIONAL PHYSICAL FORM ENTRY | |
| Display text | Printed edition: |
| International Standard Book Number | 9783662473160 |
| 942 ## - ADDED ENTRY ELEMENTS (KOHA) | |
| Source of classification or shelving scheme | Dewey Decimal Classification |
| Withdrawn status | Item status | Source of classification or shelving scheme | Damaged status | Not for loan | Vendor | Home library | Current library | Shelving location | Date acquired | Source of acquisition | Cost, normal purchase price | Total Checkouts | Full call number | Barcode | Date last seen | Cost, replacement price | Koha item type |
|---|---|---|---|---|---|---|---|---|---|---|---|---|---|---|---|---|---|
| Dewey Decimal Classification | Alahram | Central Library | Central Library | First floor | 08/12/2016 | Purchase | 1316.00 | 617.605 LAS | 000040310 | 15/07/2025 | 1645.00 | Book - Borrowing |